000 00752nam a2200265 a 4500
999 _c4806
_d4806
001 4806
003 BD-JhCC
005 20171203185310.0
008 890426s1990 nyu 001 0deng d
020 _a0816015996 :
_c$24.95 ($31.95 Can.)
035 _a(BD-JhCC)4806
040 _aDLC
_cDLC
_dDLC
_dBD-JhCC
041 _aeng
050 0 0 _aPS138
_b.H46 1990
082 0 0 _a818.02
_220
_bHEN 1990
100 1 _aHendrickson, Robert,
_d1933-
245 1 0 _aAmerican literary anecdotes /
_cRobert Hendrickson.
260 _aNew York :
_bFacts on File,
_cc1990.
300 _ax, 276 p. ;
_c24 cm.
500 _aIncludes index.
650 0 _aAmerican literature
_xAnecdotes.
650 0 _aAuthors, American
_xAnecdotes.
942 _2ddc
_cBK